People Space : The Making and Breaking of Human Boundaries /

Obra donde se presentan los resultados de una investigación de seis años sobre cómo las personas usan el espacio en varios contextos, y cómo esos usos se repiten en la interacción cotidiana con otros y afectan el comportamiento social. Los autores también presentan los problemas comunes a estas prác...

Ful tanımlama

Kaydedildi:
Detaylı Bibliyografya
Yazar: Ashcraft, Norman (autor)
Diğer Yazarlar: Scheflen, Albert E. (autor) (autor)
Materyal Türü: Kitap
Dil:İspanyolca
Baskı/Yayın Bilgisi: Nueva York, EUA : Anchor Books : Doubleday, 1976, c1976
Konular:
Etiketler: Etiketle
Etiket eklenmemiş, İlk siz ekleyin!

MARC

LEADER 00000nam^a2200000^a^4500
001 000183764
005 20250521000000.0
009 20260310102051.525
020 |a 0-385-11229-7 
037 |a Acervo ITESO - Biblioteca 
041 |a ESP 
082 |a 304. 23  |b ASH 
100 |a Ashcraft, Norman  |e (autor) 
245 1 0 |a People Space :  |b The Making and Breaking of Human Boundaries /  |c N. Ashcraft, A.E. Scheflen. 
264 4 |a Nueva York, EUA :  |b Anchor Books :  |b Doubleday,  |c 1976, c1976 
300 |a XI, 185 p. 
336 |a texto  |b txt  |2 rdacontenido 
337 |a sin mediación  |b n  |2 rdamedio 
338 |a volumen  |b nc  |2 rdasoporte 
520 |a Obra donde se presentan los resultados de una investigación de seis años sobre cómo las personas usan el espacio en varios contextos, y cómo esos usos se repiten en la interacción cotidiana con otros y afectan el comportamiento social. Los autores también presentan los problemas comunes a estas prácticas: pobreza, escasez de recursos, intolerancia, violencia, multitudes y poca privacidad. 
649 |a XX 
650 |a Espacio Personal 
650 |a Espacio Social 
650 |a Espacio Arquitectónico 
650 |a Interacción Social 
650 |a Comportamiento Social 
650 |a Vida Privada 
650 |a Vida Pública 
650 |a Problemas Sociales 
650 |a Sociología Urbana 
700 |a Scheflen, Albert E.  |e (autor) 
910 |a Fondo General 
920 |a Impresos - Libros 
930 |a Colección General 
905 |a 101 
901 |a 0500124275  |b IT1  |c ACC  |u 20250521 
902 |a https://opac.biblio.iteso.mx/vufind/Record/000183764